Paradigma e-commerce do roku 2030 bakalárska práca

Uložené v:
Podrobná bibliografia
Hlavný autor: Vargovič, Marek
Korporativný autor: Obchodná fakulta EU. Katedra marketingu
Ďalší autori: Orgonáš, Jozef, 1957-
Médium: Kniha
Jazyk:Slovak
Vydavateľské údaje: Bratislava 2021
Tagy: Pridať tag
Žiadne tagy, Buďte prvý, kto otaguje tento záznam!

MARC

LEADER 00000nbm a2200000 4500
001 0275969
005 20220127122847.7
041 0 |a slo 
044 |a SK 
245 1 0 |a Paradigma e-commerce do roku 2030  |b bakalárska práca  |c Marek Vargovič ; školiteľ: Jozef Orgonáš 
264 1 |a Bratislava  |c 2021 
300 |a 41 s. 
100 1 |a Vargovič, Marek 
700 1 |a Orgonáš, Jozef, 1957- 
710 2 |a Obchodná fakulta EU. Katedra marketingu